Identify the Country from the Oscar-Winning Actresses - Statistics

General Stats
  • This quiz has been taken 70 times
    19 since last reset
  • The average score is 16 of 20
Answer Stats
Hint Country % Correct
Marion Cotillard France
100%
Charlize Theron South Africa
100%
Penélope Cruz Spain
100%
Ingrid Bergman Sweden
100%
Cate Blanchett Australia
94%
Olivia Colman England
94%
Natalie Portman Israel
94%
Halle Berry USA
94%
Sophia Loren Italy
89%
Miyoshi Umeki Japan
83%
Lila Kedrova Russia
83%
Youn Yuh-jung South Korea
78%
Catherine Zeta-Jones Wales
78%
Audrey Hepburn Belgium
72%
Anna Paquin Canada
72%
Michelle Yeoh Malaysia
72%
Katina Paxinou Greece
67%
Brenda Fricker Ireland
61%
Simone Signoret Germany
44%
Lupita Nyong’o Mexico
44%
No matching quizzes found
Score Distribution
Percent of People with Each Score
Percentile by Number Answered
Your Score History
You have not taken this quiz since the last reset